00615nam a2200205Ia 4500008004100000041001200041082001000053082001100063100002800074100001100102245005600113260001400169260001900183260000900202365002500211650002100236942000700257999001900264952012600283150901s9999 xx 000 0 und d aEnglish a302.2 bGOP/TE aGopalakrishna Asari V  eAuthor aTechnological change for rural development in India aNew Delhi bB R Publishers c1985 aRs .150.00  aRural conditions cBK c237666d237666 00104070aKAUCOAbKAUCOAd2022-03-03g150.00l0o302.2 GOP/TEpKAU-COA-21744 r2015-09-16 00:00:00w2015-09-16yBK